[Event "Stay Safe Play From Home 406"]
[Site "Emanuel Lasker Arena"]
[Date "2020.08.24"]
[Round "7"]
[White "AgentsofShield"]
[Black "Lazieri3"]
[Result "0-1"]
[WhiteElo "1933"]
[BlackElo "1926"]
[PlyCount "74"]
[EventDate "2020.08.24"]
[EventType "swiss (blitz)"]

1. e4 {[%emt 0:00:04]} c6 {[%emt 0:00:00]} 2. d3 {[%emt 0:00:02]} d5 {[%emt 0:00:00]} 3. Nd2 {[%emt 0:00:00]} dxe4 {[%emt 0:00:00]} 4. dxe4 {[%emt 0:00:01]} Nf6 {[%emt 0:00:00]} 5. Ngf3 {[%emt 0:00:00]} Bg4 {[%emt 0:00:01]} 6. h3 {[%emt 0:00:02]} Bh5 {[%emt 0:00:01]} 7. Be2 {[%emt 0:00:01]} Nbd7 {[%emt 0:00:01]} 8. e5 {[%emt 0:00:01]} Nd5 {[%emt 0:00:01]} 9. c4 {[%emt 0:00:01]} N5b6 {[%emt 0:00:02]} 10. e6 {[%emt 0:00:01]} fxe6 {[%emt 0:00:02]} 11. Nd4 {[%emt 0:00:04]} Bxe2 {[%emt 0:00:02]} 12. Qxe2 {[%emt 0:00:01]} Nc5 {[%emt 0:00:02]} 13. Nxe6 {[%emt 0:00:05]} Nxe6 {[%emt 0:00:00]} 14. Qxe6 {[%emt 0:00:00]} Qd7 {[%emt 0:00:03]} 15. Qxd7+ {[%emt 0:00:02]} Nxd7 {[%emt 0:00:00]} 16. b3 {[%emt 0:00:00]} e6 {[%emt 0:00:01]} 17. Bb2 {[%emt 0:00:01]} Kf7 {[%emt 0:00:00]} 18. Ke2 {[%emt 0:00:00]} Be7 {[%emt 0:00:01]} 19. Ne4 {[%emt 0:00:01]} h6 {[%emt 0:00:03]} 20. Rad1 {[%emt 0:00:01]} Rhd8 {[%emt 0:00:03]} 21. g4 {[%emt 0:00:07]} Nf6 {[%emt 0:00:01]} 22. Ng3 {[%emt 0:00:01]} Ng8 {[%emt 0:00:05]} 23. f4 {[%emt 0:00:02]} Bf6 {[%emt 0:00:01]} 24. Ba3 {[%emt 0:00:05]} Be7 {[%emt 0:00:02]} 25. Bc1 {[%emt 0:00:02]} Bc5 {[%emt 0:00:02]} 26. Ne4 {[%emt 0:00:01]} Be7 {[%emt 0:00:01]} 27. Be3 {[%emt 0:00:02]} Nf6 {[%emt 0:00:01]} 28. Kf3 {[%emt 0:00:02]} Nxe4 {[%emt 0:00:01]} 29. Kxe4 {[%emt 0:00:00]} Bf6 {[%emt 0:00:01]} 30. Bc5 {[%emt 0:00:02]} Be7 {[%emt 0:00:01]} 31. Rxd8 {[%emt 0:00:02]} Rxd8 {[%emt 0:00:02]} 32. Bxe7 {[%emt 0:00:02]} Kxe7 {[%emt 0:00:00]} 33. Rh2 {[%emt 0:00:00]} Rd1 {[%emt 0:00:01]} 34. Re2 {[%emt 0:00:00]} Ra1 {[%emt 0:00:01]} 35. h4 {[%emt 0:00:01]} Rg1 {[%emt 0:00:01]} 36. Kd4 {[%emt 0:00:01]} Rxg4 {[%emt 0:00:01]} 37. Ke3 {[%emt 0:00:01]} Rxh4 {[%emt 0:00:01] Time Time Time (Lag: Av=0.72s, max=1.4s) (Lag: Av=0.72s, max=1.4s) (Lag: Av=0.72s, max=1.4s) AgentsofShield resigns AgentsofShield resigns AgentsofShield resigns} 0-1

[Event "Stay Safe Play From Home 406"]
[Site "Emanuel Lasker Arena"]
[Date "2020.08.24"]
[Round "7"]
[White "Buzaglo"]
[Black "Greblah"]
[Result "1-0"]
[WhiteElo "1852"]
[BlackElo "1866"]
[Annotator "NA"]
[PlyCount "105"]
[EventDate "2020.08.24"]
[EventType "swiss (blitz)"]

1. d4 {[%emt 0:00:01]} c6 {[%emt 0:00:00]} 2. Nf3 {[%emt 0:00:00]} d5 {[%emt 0:00:00]} 3. g3 {[%emt 0:00:00]} Nf6 {[%emt 0:00:01]} 4. Bg2 {[%emt 0:00:00]} Bf5 {[%emt 0:00:01]} 5. O-O {[%emt 0:00:00]} e6 {[%emt 0:00:00]} 6. Nh4 {[%emt 0:00:00]} Bg6 {[%emt 0:00:01]} 7. Nxg6 {[%emt 0:00:01]} hxg6 {[%emt 0:00:00]} 8. Bg5 {[%emt 0:00:01]} Be7 {[%emt 0:00:00]} 9. c4 {[%emt 0:00:01]} Nbd7 {[%emt 0:00:01]} 10. cxd5 {[%emt 0:00:01]} exd5 {[%emt 0:00:01]} 11. Nc3 {[%emt 0:00:01]} Qb6 {[%emt 0:00:02]} 12. Rb1 {[%emt 0:00:03]} O-O {[%emt 0:00:01]} 13. a3 {[%emt 0:00:01]} Rfe8 {[%emt 0:00:01]} 14. b4 {[%emt 0:00:02]} Nf8 {[%emt 0:00:01]} 15. Na4 {[%emt 0:00:01]} Qc7 {[%emt 0:00:01]} 16. Nc5 {[%emt 0:00:01]} Ne6 {[%emt 0:00:02]} 17. Nxe6 {[%emt 0:00:01]} fxe6 {[%emt 0:00:01]} 18. Bxf6 {[%emt 0:00:02]} gxf6 {[%emt 0:00:02]} 19. e4 {[%emt 0:00:00]} Kf7 {[%emt 0:00:01]} 20. exd5 {[%emt 0:00:02]} exd5 {[%emt 0:00:01]} 21. Rc1 {[%emt 0:00:01]} Bd6 {[%emt 0:00:01]} 22. Bxd5+ {[%emt 0:00:01]} Kg7 {[%emt 0:00:01]} 23. Bg2 {[%emt 0:00:02]} Rh8 {[%emt 0:00:01]} 24. b5 {[%emt 0:00:06]} Rh5 {[%emt 0:00:02]} 25. h4 {[%emt 0:00:02]} Bxg3 {[%emt 0:00:03]} 26. fxg3 {[%emt 0:00:00]} Qxg3 {[%emt 0:00:02]} 27. Qf3 {[%emt 0:00:04]} Qxh4 {[%emt 0:00:02]} 28. Rf2 {[%emt 0:00:05]} Qh2+ {[%emt 0:00:04]} 29. Kf1 {[%emt 0:00:00]} Rf5 {[%emt 0:00:01]} 30. Qe2 {[%emt 0:00:04]} Rxf2+ {[%emt 0:00:02]} 31. Qxf2 {[%emt 0:00:00]} Re8 {[%emt 0:00:01]} 32. Re1 {[%emt 0:00:02]} Rxe1+ {[%emt 0:00:01]} 33. Kxe1 {[%emt 0:00:01]} Qd6 {[%emt 0:00:02]} 34. Qe3 {[%emt 0:00:01]} cxb5 {[%emt 0:00:02]} 35. Qc3 {[%emt 0:00:04]} Qe7+ {[%emt 0:00:02]} 36. Kf2 {[%emt 0:00:00]} a6 {[%emt 0:00:01]} 37. Qc5 {[%emt 0:00:01]} Qd7 {[%emt 0:00:02]} 38. Bd5 {[%emt 0:00:01]} Qf5+ {[%emt 0:00:01]} 39. Ke3 {[%emt 0:00:01]} Qg5+ {[%emt 0:00:01]} 40. Kd3 {[%emt 0:00:00]} Qg3+ {[%emt 0:00:01]} 41. Ke4 {[%emt 0:00:01]} Qg2+ {[%emt 0:00:01]} 42. Kd3 {[%emt 0:00:00]} Qf1+ {[%emt 0:00:01]} 43. Kc3 {[%emt 0:00:00]} Qa1+ {[%emt 0:00:01]} 44. Kb3 {[%emt 0:00:00]} Qb1+ {[%emt 0:00:01]} 45. Kc3 {[%emt 0:00:01]} Qc1+ {[%emt 0:00:01]} 46. Kd3 {[%emt 0:00:00]} Qxc5 {[%emt 0:00:00]} 47. dxc5 {[%emt 0:00:00]} Kf8 {[%emt 0:00:01]} 48. Bxb7 {[%emt 0:00:00]} Ke7 {[%emt 0:00:00]} 49. Kc2 {[%emt 0:00:00]} Kd7 {[%emt 0:00:00]} 50. c6+ {[%emt 0:00:00]} Kc7 {[%emt 0:00:00]} 51. Kb2 {[%emt 0:00:00]} Kb6 {[%emt 0:00:00]} 52. a4 {[%emt 0:00:00]} Kc7 {[%emt 0:00:00]} 53. a5 {[%emt 0:00:00] Zeit Zeit Zeit (Lag: Av=0.45s, max=1.1s) (Lag: Av=0.45s, max=1.1s) (Lag: Av=0.45s, max=1.1s)} 1-0

[Event "Stay Safe Play From Home 406"]
[Site "Emanuel Lasker Arena"]
[Date "2020.08.24"]
[Round "7"]
[White "Mvali"]
[Black "Trotsky"]
[Result "0-1"]
[WhiteElo "1117"]
[BlackElo "1578"]
[Annotator "NA"]
[PlyCount "22"]
[EventDate "2020.08.24"]
[EventType "swiss (blitz)"]

1. e3 {[%emt 0:00:06]} c5 {[%emt 0:00:10]} 2. Be2 {[%emt 0:00:02]} Nc6 {[%emt 0:00:01]} 3. Nh3 {[%emt 0:00:04]} e6 {[%emt 0:00:01]} 4. O-O {[%emt 0:00:02]} d5 {[%emt 0:00:01]} 5. d4 {[%emt 0:00:05]} Qc7 {[%emt 0:00:01]} 6. Bd2 {[%emt 0:00:05]} Nf6 {[%emt 0:00:02]} 7. g3 {[%emt 0:00:02]} Bd6 {[%emt 0:00:02]} 8. c3 {[%emt 0:00:08]} c4 {[%emt 0:00:01]} 9. Na3 {[%emt 0:00:03]} a6 {[%emt 0:00:01]} 10. b3 {[%emt 0:00:04]} h5 {[%emt 0:00:02]} 11. bxc4 {[%emt 0:00:07]} h4 {[%emt 0:00:02] TimeW TimeW TimeW} 0-1

[Event "Stay Safe Play From Home 406"]
[Site "Emanuel Lasker Arena"]
[Date "2020.08.24"]
[Round "8"]
[White "Mepe_Nika"]
[Black "IceQueen"]
[Result "1-0"]
[WhiteElo "2401"]
[BlackElo "2317"]
[PlyCount "157"]
[EventDate "2020.08.24"]
[EventType "swiss (blitz)"]

1. Nf3 {[%emt 0:00:03]} Nf6 {[%emt 0:00:01]} 2. d4 {[%emt 0:00:00]} g6 {[%emt 0:00:00]} 3. c4 {[%emt 0:00:01]} Bg7 {[%emt 0:00:00]} 4. Nc3 {[%emt 0:00:00]} O-O {[%emt 0:00:00]} 5. e3 {[%emt 0:00:01]} d6 {[%emt 0:00:00]} 6. Be2 {[%emt 0:00:01]} Nc6 {[%emt 0:00:00]} 7. O-O {[%emt 0:00:00]} e5 {[%emt 0:00:00]} 8. Rb1 {[%emt 0:00:01]} Bf5 {[%emt 0:00:01]} 9. Ra1 {[%emt 0:00:01]} exd4 {[%emt 0:00:00]} 10. Nxd4 {[%emt 0:00:02]} Nxd4 {[%emt 0:00:01]} 11. exd4 {[%emt 0:00:00]} Re8 {[%emt 0:00:00]} 12. Bf3 {[%emt 0:00:01]} c6 {[%emt 0:00:02]} 13. Bf4 {[%emt 0:00:02]} Qd7 {[%emt 0:00:01]} 14. Re1 {[%emt 0:00:01]} h6 {[%emt 0:00:01]} 15. Qd2 {[%emt 0:00:01]} g5 {[%emt 0:00:01]} 16. Be3 {[%emt 0:00:02]} Ne4 {[%emt 0:00:03]} 17. Nxe4 {[%emt 0:00:01]} Bxe4 {[%emt 0:00:00]} 18. Bxe4 {[%emt 0:00:00]} Rxe4 {[%emt 0:00:01]} 19. b4 {[%emt 0:00:01]} Rae8 {[%emt 0:00:01]} 20. Rab1 {[%emt 0:00:01]} f5 {[%emt 0:00:01]} 21. f3 {[%emt 0:00:02]} R4e7 {[%emt 0:00:01]} 22. Bf2 {[%emt 0:00:01]} f4 {[%emt 0:00:02]} 23. b5 {[%emt 0:00:02]} Qf5 {[%emt 0:00:03]} 24. bxc6 {[%emt 0:00:03]} bxc6 {[%emt 0:00:00]} 25. Rxe7 {[%emt 0:00:01]} Rxe7 {[%emt 0:00:00]} 26. Re1 {[%emt 0:00:01]} Rxe1+ {[%emt 0:00:05]} 27. Qxe1 {[%emt 0:00:00]} Qd3 {[%emt 0:00:01]} 28. Qe8+ {[%emt 0:00:01]} Kh7 {[%emt 0:00:01]} 29. Qe4+ {[%emt 0:00:00]} Qxe4 {[%emt 0:00:01]} 30. fxe4 {[%emt 0:00:00]} Kg6 {[%emt 0:00:01]} 31. d5 {[%emt 0:00:02]} cxd5 {[%emt 0:00:01]} 32. exd5 {[%emt 0:00:00]} a6 {[%emt 0:00:00]} 33. Kf1 {[%emt 0:00:00]} Kf5 {[%emt 0:00:00]} 34. Ke2 {[%emt 0:00:00]} Ke4 {[%emt 0:00:00]} 35. g4 {[%emt 0:00:03]} f3+ {[%emt 0:00:02]} 36. Kd2 {[%emt 0:00:01]} Be5 {[%emt 0:00:00]} 37. h3 {[%emt 0:00:01]} Bf4+ {[%emt 0:00:01]} 38. Ke1 {[%emt 0:00:02]} Kd3 {[%emt 0:00:00]} 39. c5 {[%emt 0:00:01]} dxc5 {[%emt 0:00:04]} 40. Bxc5 {[%emt 0:00:00]} Kc4 {[%emt 0:00:00]} 41. Bf8 {[%emt 0:00:04]} Bg3+ {[%emt 0:00:01]} 42. Kf1 {[%emt 0:00:01]} Kxd5 {[%emt 0:00:00]} 43. Bxh6 {[%emt 0:00:01]} Bh4 {[%emt 0:00:00]} 44. Bg7 {[%emt 0:00:01]} Kc4 {[%emt 0:00:01]} 45. Bf8 {[%emt 0:00:02]} a5 {[%emt 0:00:01]} 46. a4 {[%emt 0:00:01]} Kb3 {[%emt 0:00:03]} 47. Bc5 {[%emt 0:00:00]} Kxa4 {[%emt 0:00:00]} 48. Bf2 {[%emt 0:00:00]} Bxf2 {[%emt 0:00:02]} 49. Kxf2 {[%emt 0:00:00]} Kb3 {[%emt 0:00:00]} 50. h4 {[%emt 0:00:00]} a4 {[%emt 0:00:00]} 51. hxg5 {[%emt 0:00:02]} a3 {[%emt 0:00:00]} 52. g6 {[%emt 0:00:00]} a2 {[%emt 0:00:00]} 53. g7 {[%emt 0:00:00]} a1=Q {[%emt 0:00:00]} 54. g8=Q+ {[%emt 0:00:00]} Kc2 {[%emt 0:00:01]} 55. Qg6+ {[%emt 0:00:01]} Kd2 {[%emt 0:00:01]} 56. Qd6+ {[%emt 0:00:01]} Kc2 {[%emt 0:00:01]} 57. Qc5+ {[%emt 0:00:01]} Kd2 {[%emt 0:00:01]} 58. Kxf3 {[%emt 0:00:00]} Qf1+ {[%emt 0:00:02]} 59. Qf2+ {[%emt 0:00:01]} Qxf2+ {[%emt 0:00:02]} 60. Kxf2 {[%emt 0:00:00]} Kd3 {[%emt 0:00:00]} 61. Kf3 {[%emt 0:00:00]} Kd4 {[%emt 0:00:00]} 62. Kf4 {[%emt 0:00:00]} Kd5 {[%emt 0:00:01]} 63. Kf5 {[%emt 0:00:00]} Kd6 {[%emt 0:00:00]} 64. Kf6 {[%emt 0:00:00]} Kd7 {[%emt 0:00:01]} 65. Kf7 {[%emt 0:00:00]} Kd6 {[%emt 0:00:00]} 66. g5 {[%emt 0:00:00]} Ke5 {[%emt 0:00:00]} 67. g6 {[%emt 0:00:00]} Kf5 {[%emt 0:00:00]} 68. g7 {[%emt 0:00:00]} Ke5 {[%emt 0:00:00]} 69. g8=Q {[%emt 0:00:00]} Kd5 {[%emt 0:00:00]} 70. Qg5+ {[%emt 0:00:01]} Kd4 {[%emt 0:00:01]} 71. Qf6+ {[%emt 0:00:00]} Kd3 {[%emt 0:00:00]} 72. Kg6 {[%emt 0:00:00]} Ke4 {[%emt 0:00:00]} 73. Qf5+ {[%emt 0:00:00]} Ke3 {[%emt 0:00:01]} 74. Qe5+ {[%emt 0:00:00]} Kd2 {[%emt 0:00:01]} 75. Qd4+ {[%emt 0:00:01]} Kc2 {[%emt 0:00:00]} 76. Qe3 {[%emt 0:00:01]} Kb1 {[%emt 0:00:01]} 77. Kf5 {[%emt 0:00:00]} Ka2 {[%emt 0:00:00]} 78. Ke4 {[%emt 0:00:00]} Kb1 {[%emt 0:00:00]} 79. Qd2 {[%emt 0:00:00] Time Time Time (Lag: Av=0.45s, max=0.8s) (Lag: Av=0.45s, max=0.8s) (Lag: Av=0.45s, max=0.8s)} 1-0

[Event "Stay Safe Play From Home 406"]
[Site "Emanuel Lasker Arena"]
[Date "2020.08.24"]
[Round "8"]
[White "AChessPlayer"]
[Black "Tran Minh Thang"]
[Result "1-0"]
[WhiteElo "2398"]
[BlackElo "2439"]
[PlyCount "84"]
[EventDate "2020.08.24"]
[EventType "swiss (blitz)"]

1. e3 {[%emt 0:00:02]} Nf6 {[%emt 0:00:01]} 2. d4 {[%emt 0:00:01]} b6 {[%emt 0:00:01]} 3. f4 {[%emt 0:00:00]} Bb7 {[%emt 0:00:00]} 4. Nf3 {[%emt 0:00:00]} e6 {[%emt 0:00:00]} 5. Bd3 {[%emt 0:00:01]} Be7 {[%emt 0:00:00]} 6. c3 {[%emt 0:00:00]} O-O {[%emt 0:00:00]} 7. O-O {[%emt 0:00:00]} d5 {[%emt 0:00:00]} 8. Nbd2 {[%emt 0:00:00]} Ne4 {[%emt 0:00:01]} 9. Ne5 {[%emt 0:00:02]} f6 {[%emt 0:00:01]} 10. Nef3 {[%emt 0:00:01]} f5 {[%emt 0:00:02]} 11. Ne5 {[%emt 0:00:01]} Nd7 {[%emt 0:00:00]} 12. Ndf3 {[%emt 0:00:00]} Bf6 {[%emt 0:00:01]} 13. Bd2 {[%emt 0:00:01]} Bxe5 {[%emt 0:00:01]} 14. fxe5 {[%emt 0:00:01]} c5 {[%emt 0:00:01]} 15. Be1 {[%emt 0:00:01]} a5 {[%emt 0:00:02]} 16. Bh4 {[%emt 0:00:01]} Qe8 {[%emt 0:00:03]} 17. Qe1 {[%emt 0:00:03]} Ba6 {[%emt 0:00:01]} 18. Bxa6 {[%emt 0:00:01]} Rxa6 {[%emt 0:00:00]} 19. Qe2 {[%emt 0:00:00]} c4 {[%emt 0:00:01]} 20. Nd2 {[%emt 0:00:02]} Nxd2 {[%emt 0:00:02]} 21. Qxd2 {[%emt 0:00:01]} Qh5 {[%emt 0:00:01]} 22. Be7 {[%emt 0:00:01]} Re8 {[%emt 0:00:01]} 23. Bd6 {[%emt 0:00:00]} b5 {[%emt 0:00:01]} 24. Rf3 {[%emt 0:00:01]} Nf6 {[%emt 0:00:11]} 25. exf6 {[%emt 0:00:03]} Rxd6 {[%emt 0:00:01]} 26. fxg7 {[%emt 0:00:01]} Kxg7 {[%emt 0:00:00]} 27. Rg3+ {[%emt 0:00:01]} Kf7 {[%emt 0:00:02]} 28. Rf1 {[%emt 0:00:00]} Rdd8 {[%emt 0:00:02]} 29. Rh3 {[%emt 0:00:01]} Qg6 {[%emt 0:00:02]} 30. Rff3 {[%emt 0:00:01]} h6 {[%emt 0:00:04]} 31. Rfg3 {[%emt 0:00:01]} Qf6 {[%emt 0:00:00]} 32. Qf2 {[%emt 0:00:02]} b4 {[%emt 0:00:02]} 33. Qf4 {[%emt 0:00:01]} bxc3 {[%emt 0:00:01]} 34. bxc3 {[%emt 0:00:00]} Rd7 {[%emt 0:00:02]} 35. Rxh6 {[%emt 0:00:01]} Qxh6 {[%emt 0:00:02]} 36. Qxh6 {[%emt 0:00:01]} Ke7 {[%emt 0:00:00]} 37. Rg7+ {[%emt 0:00:03]} Kd6 {[%emt 0:00:00]} 38. Rxd7+ {[%emt 0:00:00]} Kxd7 {[%emt 0:00:00]} 39. Qf4 {[%emt 0:00:00]} Rc8 {[%emt 0:00:01]} 40. h4 {[%emt 0:00:00]} Rc7 {[%emt 0:00:01]} 41. h5 {[%emt 0:00:00]} Rb7 {[%emt 0:00:00]} 42. Qf2 {[%emt 0:00:01]} Rb2 {[%emt 0:00:00] Tran Minh Thang resigns Tran Minh Thang resigns Tran Minh Thang resigns (Lag: Av=0.97s, max=2.0s) (Lag: Av=0.97s, max=2.0s) (Lag: Av=0.97s, max=2.0s)} 1-0

[Event "Stay Safe Play From Home 406"]
[Site "Emanuel Lasker Arena"]
[Date "2020.08.24"]
[Round "8"]
[White "Nguyen Hong Anh"]
[Black "theCHESSHOUSE"]
[Result "0-1"]
[WhiteElo "2302"]
[BlackElo "2098"]
[PlyCount "82"]
[EventDate "2020.08.24"]
[EventType "swiss (blitz)"]

1. d4 {[%emt 0:00:02]} g6 {[%emt 0:00:00]} 2. c4 {[%emt 0:00:00]} Bg7 {[%emt 0:00:00]} 3. Nf3 {[%emt 0:00:00]} d6 {[%emt 0:00:00]} 4. g3 {[%emt 0:00:00]} Nf6 {[%emt 0:00:00]} 5. Bg2 {[%emt 0:00:00]} O-O {[%emt 0:00:00]} 6. O-O {[%emt 0:00:00]} Nc6 {[%emt 0:00:00]} 7. Nc3 {[%emt 0:00:00]} e5 {[%emt 0:00:01]} 8. e4 {[%emt 0:00:01]} exd4 {[%emt 0:00:01]} 9. Nxd4 {[%emt 0:00:01]} Nxd4 {[%emt 0:00:01]} 10. Qxd4 {[%emt 0:00:00]} Nd7 {[%emt 0:00:01]} 11. Qd1 {[%emt 0:00:02]} Ne5 {[%emt 0:00:01]} 12. Qe2 {[%emt 0:00:01]} Be6 {[%emt 0:00:01]} 13. b3 {[%emt 0:00:02]} Nxc4 {[%emt 0:00:01]} 14. bxc4 {[%emt 0:00:01]} Bxc3 {[%emt 0:00:01]} 15. Rb1 {[%emt 0:00:00]} Qc8 {[%emt 0:00:02]} 16. Bh6 {[%emt 0:00:01]} Bg7 {[%emt 0:00:01]} 17. Bxg7 {[%emt 0:00:01]} Kxg7 {[%emt 0:00:00]} 18. e5 {[%emt 0:00:00]} dxe5 {[%emt 0:00:04]} 19. Qxe5+ {[%emt 0:00:01]} f6 {[%emt 0:00:01]} 20. Qc5 {[%emt 0:00:01]} c6 {[%emt 0:00:02]} 21. Rfe1 {[%emt 0:00:02]} Rf7 {[%emt 0:00:01]} 22. Qd6 {[%emt 0:00:03]} Bf5 {[%emt 0:00:02]} 23. c5 {[%emt 0:00:01]} Bxb1 {[%emt 0:00:01]} 24. Rxb1 {[%emt 0:00:01]} Qf5 {[%emt 0:00:01]} 25. Rb2 {[%emt 0:00:02]} Re8 {[%emt 0:00:02]} 26. h3 {[%emt 0:00:02]} Re1+ {[%emt 0:00:01]} 27. Kh2 {[%emt 0:00:01]} Re6 {[%emt 0:00:01]} 28. Qd4 {[%emt 0:00:01]} Re5 {[%emt 0:00:03]} 29. Qa4 {[%emt 0:00:01]} a6 {[%emt 0:00:04]} 30. Rc2 {[%emt 0:00:04]} Rxc5 {[%emt 0:00:02]} 31. Rd2 {[%emt 0:00:01]} Qe5 {[%emt 0:00:03]} 32. Qb3 {[%emt 0:00:01]} b5 {[%emt 0:00:02]} 33. f4 {[%emt 0:00:01]} Qe7 {[%emt 0:00:01]} 34. Qb4 {[%emt 0:00:01]} Rc4 {[%emt 0:00:02]} 35. Qa5 {[%emt 0:00:01]} Ra4 {[%emt 0:00:01]} 36. Qb6 {[%emt 0:00:01]} Qb4 {[%emt 0:00:02]} 37. Rc2 {[%emt 0:00:02]} c5 {[%emt 0:00:02]} 38. Qe6 {[%emt 0:00:03]} c4 {[%emt 0:00:02]} 39. Bd5 {[%emt 0:00:00]} Qe7 {[%emt 0:00:01]} 40. Qb6 {[%emt 0:00:01]} Rf8 {[%emt 0:00:01]} 41. Qxb5 {[%emt 0:00:02]} axb5 {[%emt 0:00:01] Nguyen Hong Anh resigns Nguyen Hong Anh resigns Nguyen Hong Anh resigns (Lag: Av=1.05s, max=3.5s) (Lag: Av=1.05s, max=3.5s) (Lag: Av=1.05s, max=3.5s)} 0-1

[Event "Stay Safe Play From Home 406"]
[Site "Emanuel Lasker Arena"]
[Date "2020.08.24"]
[Round "8"]
[White "Lamborghini"]
[Black "NTBT_DHS"]
[Result "0-1"]
[WhiteElo "2286"]
[BlackElo "2558"]
[PlyCount "112"]
[EventDate "2020.08.24"]
[EventType "swiss (blitz)"]

1. e4 {[%emt 0:00:02]} g6 {[%emt 0:00:01]} 2. d4 {[%emt 0:00:01]} Bg7 {[%emt 0:00:00]} 3. Nc3 {[%emt 0:00:00]} d6 {[%emt 0:00:00]} 4. Be3 {[%emt 0:00:01]} Nd7 {[%emt 0:00:00]} 5. Qf3 {[%emt 0:00:01]} c6 {[%emt 0:00:01]} 6. O-O-O {[%emt 0:00:01]} b5 {[%emt 0:00:01]} 7. g4 {[%emt 0:00:01]} h6 {[%emt 0:00:04]} 8. h4 {[%emt 0:00:01]} Qa5 {[%emt 0:00:01]} 9. Kb1 {[%emt 0:00:02]} Nb6 {[%emt 0:00:02]} 10. Bd3 {[%emt 0:00:02]} Be6 {[%emt 0:00:01]} 11. d5 {[%emt 0:00:04]} Bd7 {[%emt 0:00:04]} 12. Nce2 {[%emt 0:00:05]} Na4 {[%emt 0:00:04]} 13. Bd4 {[%emt 0:00:03]} Bxd4 {[%emt 0:00:06]} 14. Nxd4 {[%emt 0:00:01]} c5 {[%emt 0:00:00]} 15. Nc6 {[%emt 0:00:01]} Bxc6 {[%emt 0:00:01]} 16. dxc6 {[%emt 0:00:01]} Qb4 {[%emt 0:00:00]} 17. b3 {[%emt 0:00:01]} Nc3+ {[%emt 0:00:01]} 18. Kb2 {[%emt 0:00:01]} Nxd1+ {[%emt 0:00:05]} 19. Qxd1 {[%emt 0:00:00]} c4 {[%emt 0:00:01]} 20. Be2 {[%emt 0:00:01]} c3+ {[%emt 0:00:00]} 21. Ka1 {[%emt 0:00:01]} Qa3 {[%emt 0:00:00]} 22. Qb1 {[%emt 0:00:01]} a6 {[%emt 0:00:02]} 23. Nh3 {[%emt 0:00:03]} Nf6 {[%emt 0:00:00]} 24. f3 {[%emt 0:00:01]} Rc8 {[%emt 0:00:01]} 25. Qc1 {[%emt 0:00:01]} Qxc1+ {[%emt 0:00:01]} 26. Rxc1 {[%emt 0:00:02]} Rxc6 {[%emt 0:00:00]} 27. Nf2 {[%emt 0:00:01]} e5 {[%emt 0:00:01]} 28. Nd3 {[%emt 0:00:02]} a5 {[%emt 0:00:01]} 29. a3 {[%emt 0:00:01]} Ke7 {[%emt 0:00:01]} 30. Ka2 {[%emt 0:00:01]} Ra8 {[%emt 0:00:01]} 31. b4 {[%emt 0:00:01]} a4 {[%emt 0:00:02]} 32. Rg1 {[%emt 0:00:02]} Ke6 {[%emt 0:00:01]} 33. Re1 {[%emt 0:00:01]} Nd7 {[%emt 0:00:03]} 34. f4 {[%emt 0:00:01]} Nb6 {[%emt 0:00:01]} 35. f5+ {[%emt 0:00:01]} Ke7 {[%emt 0:00:00]} 36. g5 {[%emt 0:00:01]} Rc4 {[%emt 0:00:00]} 37. f6+ {[%emt 0:00:00]} Ke8 {[%emt 0:00:01]} 38. Nf2 {[%emt 0:00:00]} Rd4 {[%emt 0:00:01]} 39. gxh6 {[%emt 0:00:00]} Kd7 {[%emt 0:00:01]} 40. Bxb5+ {[%emt 0:00:00]} Kc7 {[%emt 0:00:01]} 41. Nd3 {[%emt 0:00:00]} Rh8 {[%emt 0:00:00]} 42. Nxe5 {[%emt 0:00:01]} Nc4 {[%emt 0:00:00]} 43. Nf3 {[%emt 0:00:00]} Rd2 {[%emt 0:00:01]} 44. Bxc4 {[%emt 0:00:00]} Rxc2+ {[%emt 0:00:01]} 45. Kb1 {[%emt 0:00:00]} Rf2 {[%emt 0:00:00]} 46. Ka1 {[%emt 0:00:00]} Rxh6 {[%emt 0:00:00]} 47. Nd4 {[%emt 0:00:00]} c2 {[%emt 0:00:00]} 48. Nxc2 {[%emt 0:00:01]} Kb6 {[%emt 0:00:00]} 49. Rc1 {[%emt 0:00:00]} Rf4 {[%emt 0:00:00]} 50. Bd5 {[%emt 0:00:00]} Rfxh4 {[%emt 0:00:00]} 51. Nd4 {[%emt 0:00:01]} Rh1 {[%emt 0:00:00]} 52. Rxh1 {[%emt 0:00:01]} Rxh1+ {[%emt 0:00:00]} 53. Kb2 {[%emt 0:00:00]} Rh2+ {[%emt 0:00:00]} 54. Kc3 {[%emt 0:00:00]} Rh3+ {[%emt 0:00:00]} 55. Kc4 {[%emt 0:00:00]} Re3 {[%emt 0:00:00]} 56. e5 {[%emt 0:00:00]} Re4 {[%emt 0:00:00] Zeit Zeit Zeit (Lag: Av=0.57s, max=1.1s) (Lag: Av=0.57s, max=1.1s) (Lag: Av=0.57s, max=1.1s)} 0-1

[Event "Stay Safe Play From Home 406"]
[Site "Emanuel Lasker Arena"]
[Date "2020.08.24"]
[Round "8"]
[White "MihailoVujic"]
[Black "Mvali"]
[Result "1-0"]
[WhiteElo "2202"]
[BlackElo "1114"]
[PlyCount "23"]
[EventDate "2020.08.24"]
[EventType "swiss (blitz)"]

1. e4 {[%emt 0:00:01]} e5 {[%emt 0:00:03]} 2. Nf3 {[%emt 0:00:02]} Nc6 {[%emt 0:00:04]} 3. Nc3 {[%emt 0:00:03]} Nb4 {[%emt 0:00:02]} 4. Nxe5 {[%emt 0:00:02]} Bd6 {[%emt 0:00:04]} 5. Nf3 {[%emt 0:00:02]} Nh6 {[%emt 0:00:06]} 6. e5 {[%emt 0:00:01]} Bc5 {[%emt 0:00:08]} 7. d4 {[%emt 0:00:01]} Bb6 {[%emt 0:00:04]} 8. Bg5 {[%emt 0:00:03]} f6 {[%emt 0:00:04]} 9. exf6 {[%emt 0:00:01]} gxf6 {[%emt 0:00:04]} 10. Bxh6 {[%emt 0:00:01]} Rg8 {[%emt 0:00:07]} 11. Ng5 {[%emt 0:00:11]} Qe7+ {[%emt 0:00:08]} 12. Be2 {[%emt 0:00:02] TimeB TimeB TimeB} 1-0

[Event "Stay Safe Play From Home 406"]
[Site "Emanuel Lasker Arena"]
[Date "2020.08.24"]
[Round "8"]
[White "Trotsky"]
[Black "Buzaglo"]
[Result "1-0"]
[WhiteElo "1581"]
[BlackElo "1870"]
[Annotator "NA"]
[PlyCount "31"]
[EventDate "2020.08.24"]
[EventType "swiss (blitz)"]

1. d4 {[%emt 0:00:01]} e6 {[%emt 0:00:00]} 2. e3 {[%emt 0:00:00]} d5 {[%emt 0:00:01]} 3. c4 {[%emt 0:00:01]} Nf6 {[%emt 0:00:00]} 4. Nc3 {[%emt 0:00:01]} Bb4 {[%emt 0:00:02]} 5. Qc2 {[%emt 0:00:01]} Bxc3+ {[%emt 0:00:01]} 6. bxc3 {[%emt 0:00:01]} O-O {[%emt 0:00:00]} 7. Nf3 {[%emt 0:00:01]} dxc4 {[%emt 0:00:01]} 8. Bxc4 {[%emt 0:00:02]} c5 {[%emt 0:00:00]} 9. Bd3 {[%emt 0:00:01]} cxd4 {[%emt 0:00:01]} 10. exd4 {[%emt 0:00:01]} g6 {[%emt 0:00:01]} 11. h4 {[%emt 0:00:01]} h5 {[%emt 0:00:01]} 12. Ng5 {[%emt 0:00:01]} Nh7 {[%emt 0:00:05]} 13. Bxg6 {[%emt 0:00:01]} Nxg5 {[%emt 0:00:01]} 14. hxg5 {[%emt 0:00:02]} fxg6 {[%emt 0:00:05]} 15. Qxg6+ {[%emt 0:00:02]} Kh8 {[%emt 0:00:01]} 16. Rxh5# {[%emt 0:00:01] (Lag: Av=0.40s, max=0.7s) (Lag: Av=0.40s, max=0.7s) (Lag: Av=0.40s, max=0.7s)} 1-0